01509cam a22003131 4500001001300000003000400013005001700017008004100034010001700075040003800092043001200130050002400142051001700166082001200183100004600195245009000241260004900331300005800380490006300438500005000501501024500551501017800796504002800974650003901002650004301041650004401084830005001128999001701178gs 60000209 DLC20260227111409.0770317s1960 dcuab b f000 0 eng c ags 60000209  aU.S. Geol. Survey. Libr.cakdDLC an-us-ak00aTC801b.U2 no. 1494 aQE84.M3bT6900a557.9831 aTrainer, Frank W.q(Frank Wilson),d1921-00aGeology and ground-water resources of the Matanuska Valley agricultural area, Alaska. aWashington :bU.S. Govt. Print. Off.,c1960. av, 116 p. :bmaps (1 col.), diagrs., tables ;c24 cm.1 aUnited States. Geological Survey. Water-supply paperv1494 aPart of illustrative matter folded in pocket. aTC801.U2 no. 1494 Copy 1 with : Compilation of records of surface waters of the United States through September 1950. pt.8. Western Gulf of Mexico Basins. Washington, D.C. : U.S. G.P.O., 1960. Bound together subsequent to publication.5DLC aTC801.U2 no. 1494 copy 2 with : Bibliography of publications relating to ground water. Washington, D.C. : U.S. G.P.O., 1957. Bound together subsequent to publication.5DLC aBibliography: p. 72-74. 0aGeologyzAlaskazMatanuska Valley. 0aGroundwaterzAlaskazMatanuska Valley. 0aWater-supplyzAlaskazMatanuska Valley. 0aGeological Survey water-supply paper ;v1494. c29452d29452